MARC детайли
| 000 -Лидер |
| Контролно поле с фиксирана дължина |
04951nam a2200709 c 4500 |
| 001 - Контролен номер на записа |
| Контролно поле |
140113 |
| 003 - Код на организацията, давaща контролен номер |
| Контролно поле |
BLK |
| 005 - Дата и час на последна редакция |
| Контролно поле |
20250313154940.0 |
| 008 - Елементи от данни с фиксирана дължина |
| fixed length control field |
180409b bul|||||r ||||||| ||bul|| |
| 010 ## - Наследен системен номер |
| LC control number |
KNG00146172000 |
| 040 ## - Източник на каталожния запис |
| Идентификатор на билиотеката - собственик на записа |
BLK |
| 041 ## - Код за език |
| Код за езика на текст/звукозапис или на отделно заглавие |
Български |
| Код за езика КДБФ |
Български |
| 072 #7 - Код за тематичната категория |
| Код организация |
bullib |
| Код за тематична категория |
К |
| Текст |
Краезнание |
| 072 #7 - Код за тематичната категория |
| Код организация |
bullib |
| Код за тематична категория |
А |
| Текст |
Фонд Михаил Арнаудов |
| 072 #7 - Код за тематичната категория |
| Код организация |
bullib |
| Код за тематична категория |
Я |
| Текст |
Автографи |
| 080 ## - УДК |
| Текстов определител УДК |
Националноосвободителното движение в България (1856-1877) |
| УДК код - определител по УДК |
94(497.2)"1856/1877" |
| УДК определител |
(092) |
| УДК - код + определител |
94(497.2)"1856/1877"(092) |
| 080 ## - УДК |
| Текстов определител УДК |
Съби Стойков Попович. Български революционер и възрожденец, революционен демократ, публицист, журналист, историк и етнограф |
| УДК код - определител по УДК |
929 Раковски, Георги Сава |
| УДК - код + определител |
929 Раковски, Георги Сава |
| 100 ## - Редна дума - Автор |
| Автор |
Раковски, Георги Стойков |
| Дати, свързани с автора |
1821 - 1867 |
| Автор - информация (биография) |
Революционер, писател, публицист |
| Пълна форма на името |
Попович, Съби Стойков |
| R(LIN) |
365114 |
| 139 ## - Редно поле |
| Редна дума |
Раковски, Георги Стойков |
| Авторски знак |
Рако - Р 31 |
| 245 10 - Сведения за заглавието |
| Заглавие |
Архив на Г. С. Раковски |
| Подзаглавни данни |
Т. 1 - |
| Редно поле (дума) |
Георги Стойков Раковски; събр. и подг. за печат на том Георги Димов; под ред. на на том Михаил Петров Арнаудов. |
| Том |
Т. 1 |
| Заглавие на том |
Писма и ръкописи на Раковски |
| 257 ## - Страна на издаване |
| Страна на създаване/издаване |
България |
| 260 ## - Област на издателските данни |
| Име на издателя, разпространителя и проч. |
БАН |
| Година на издаване |
1952 - |
| Печатница |
За том: 1953 |
| 300 ## - Физическа характеристика |
| Размери/Мащаб |
24 см |
| 380 ## - Жанр |
| Жанр |
История |
| 490 ## - СЕРИИ (Колекции) |
| 9 (RLIN) |
396381 |
| Име на серия |
Частна колекция - Академик Михаил Арнаудов |
| Бележки за серията |
Дарение - Основен фонд |
| 500 ## - Общи забележки |
| Забележка |
Изд. на БАН. Инст. за бълг. литература. - Записки на М. Арнаудов; Притурка с. от в. "Зора" бр.3990 от 19.10.1931(инв. № 321518) |
| 500 ## - Общи забележки |
| Забележка |
Автограф с текст: На проф. М. Арнаудов с най-дълбоки чувства на уважение и благодарност. София, 1 VII 1953 Г. Димов |
| 520 ## - Забележка за наличие на резюме, анотация и т.н |
| Анотация, рецензия, сканиран текст |
Писма на Раковски до Йосиф Дайнелов на с. 70, 157, 191-196, 198-201, 203, 205, 207-210, 212, 213, 215, 217, 219-222, 224, 225, 227, 228, 230, 231, 233, 236-241, 243-245, 247, 249, 250, 254, 255, 257-258, 261, 262, 264-266, 268-271, 274, 276-278, 280, 283-289, 291, 373, 376, 383. |
| 600 14 - Име на лице, използвано като предмет |
| За него / За нея |
Раковски, Георги Сава |
| 9 (RLIN) |
244444 |
| 650 #4 - Допълнително описание по предмет – тема |
| Основно описание – тема или топоним |
Националноосвободително движение - България - дейци |
| 9 (RLIN) |
243361 |
| 650 #4 - Допълнително описание по предмет – тема |
| Основно описание – тема или топоним |
Раковски, Георги Сава |
| 9 (RLIN) |
244444 |
| 650 #4 - Допълнително описание по предмет – тема |
| Основно описание – тема или топоним |
Революционери, български |
| 9 (RLIN) |
252105 |
| 650 #4 - Допълнително описание по предмет – тема |
| Основно описание – тема или топоним |
Възрожденци, български |
| 9 (RLIN) |
246435 |
| 651 #4 - Допълнително описание по предмет - топоним |
| Географско понятие |
България |
| 9 (RLIN) |
241624 |
| 653 ## - Ключова дума – ненормативна |
| Ключова дума |
българска история |
| 653 ## - Ключова дума – ненормативна |
| Ключова дума |
националноосвободителни движения |
| 653 ## - Ключова дума – ненормативна |
| Ключова дума |
Георги Раковски |
| 653 ## - Ключова дума – ненормативна |
| Ключова дума |
български писатели |
| 653 ## - Ключова дума – ненормативна |
| Ключова дума |
писма |
| 653 ## - Ключова дума – ненормативна |
| Ключова дума |
революционери |
| 653 ## - Ключова дума – ненормативна |
| Ключова дума |
възрожденци |
| 653 ## - Ключова дума – ненормативна |
| Ключова дума |
Йосиф Дайнелов |
| 9 (RLIN) |
188068 |
| 659 ## - Тематичен бюлетин |
| Тематичен бюлетин |
А |
| 659 ## - Тематичен бюлетин |
| Тематичен бюлетин |
К |
| 659 ## - Тематичен бюлетин |
| Тематичен бюлетин |
Я |
| 700 1# - Други автори (авторска отговорност) |
| Лично име |
Димов, Георги |
| Автороска отговорност (Описва отношението между автора и произведението) |
събр. и подг. за печат на том |
| 9 (RLIN) |
369317 |
| 700 1# - Други автори (авторска отговорност) |
| Лично име |
Арнаудов, Михаил Петров |
| 9 (RLIN) |
33558 |
| 760 1# - Описание на основната серия |
| Редна дума на основното описание |
Раковски, Георги Стойков |
| Място на издаване, издател и година |
1952 |
| Страници - том |
VIII, 644 с. : с факс., 1 портр. |
| Забележка - том |
Други ред. : М. Димитров, П. Динеков, Д. Косев, Л. Стоянов. - Изд. на БАН. Инст. за бълг. лит. - Фонд Михаил Арнаудов - подпис на Михаил Арнаудов ; Датиране на кн.: 4 юни 1953 ; Нар. песен, свързана с Раковски (3 л.) ; Съдържание на писмо до и от Раковски (3 л.) ; Статии от вестници, посветени на живота на Раковски ; Автограф с текст: На проф. М. Арнаудов с най-дълбоки чувства на уважение и благодарност София, 1. VІІ. 1953 г. Хр. Димов. - твърда подв. |
| Заглавие |
Т. 1 Писма и ръкописи на Раковски |
| 852 ## - Местоположение |
| Форматна сигнатура |
МА 189 |
| Фондова буква |
Фонд "Михаил Арнаудов" |
| 852 ## - Местоположение |
| Форматна сигнатура |
К 94(497.2)"1856/1877"(092)/Р 31 |
| 856 4# - Електронен адрес и достъп |
| Електронен формат |
pdf - файл |
| 856 4# - Електронен адрес и достъп |
| Електронен формат |
pdf - файл |
| 942 ## - АРТИКУЛИ |
| Вид на библиотечния материал |
Книги |
| Скрит в OPAC |
Не |
| Периодичен библиозапис |
Да |
| 944 ## - СЪЗДАВАНЕ И РЕДАКЦИЯ на ЗАПИСА |
| Създаване/Редакция |
Създаване |
| Дата на регистрацията/редакция |
17.07.2013 |
| Статус, дата на статуса |
Геновева Генчева |
| Служител, извършил регистрацията/редакцията |
30560 |
| 944 ## - СЪЗДАВАНЕ И РЕДАКЦИЯ на ЗАПИСА |
| Създаване/Редакция |
Редакция |
| Дата на регистрацията/редакция |
08.03.2017 |
| Статус, дата на статуса |
17.07.2013 - от С1,Р / 17.07.2013 |
| Служител, извършил регистрацията/редакцията |
Геновева_Генчева |
| 999 ## - СИСТЕМНИ КОНТРОЛНИ НОМЕРА |
| Koha biblionumber |
140113 |
| Koha biblioitemnumber |
140113 |
| 999 ## - СИСТЕМНИ КОНТРОЛНИ НОМЕРА |
| Koha biblioitemnumber |
140113 |
| 999 ## - СИСТЕМНИ КОНТРОЛНИ НОМЕРА |
| Koha biblioitemnumber |
140113 |
| 999 ## - СИСТЕМНИ КОНТРОЛНИ НОМЕРА |
| Koha biblioitemnumber |
140113 |
| 999 ## - СИСТЕМНИ КОНТРОЛНИ НОМЕРА |
| Koha biblioitemnumber |
140113 |
| 999 ## - СИСТЕМНИ КОНТРОЛНИ НОМЕРА |
| Koha biblioitemnumber |
140113 |
| 999 ## - СИСТЕМНИ КОНТРОЛНИ НОМЕРА |
| Koha biblioitemnumber |
140113 |